Enfermedades del cerdo : volumen viii /

Guardado en:
Autor Principal: Dunne, Howard W.
Otros Autores: Leman, Allen D.
Formato: Libro
Publicado: Buenos Aires : Hemisferio Sur, 1983
Materias:
Etiquetas: Agregar Etiqueta
Sin Etiquetas, Sea el primero en etiquetar este registro!
LEADER 00783nam a22001935a 4500
001 CEM.cems017158
005 20120928170300.0
008 130507s1983##################000#0#####d
003 CEMS
020 |a 9505042205 
082 0 4 |a 636.4 
100 1 |a Dunne, Howard W. 
245 1 0 |a Enfermedades del cerdo :  |b volumen viii /  |c Compilado Por Howard W. Dunne, Allen D. Leman 
260 |a Buenos Aires :  |b Hemisferio Sur,  |c 1983 
300 |a 61 p. 
505 0 |a Carbunco bacteridiano / L. C. Ferguson, E. H. Bohl -- Infecciones clostridiales / M. E. Bergeland -- Disentería porcina / D. L. Harris, R. D. Glock -- Salmonelosis / D. M: Barnes, D. K: Sorensen 
653 |a Porcinos-enfermedades 
700 1 |a Leman, Allen D. 
859 |a CEMS  |b BIB. CEMS - Agricultura  |h 636.4  |i D922  |p A0884.09  |t Ej.1  |v VIII  |3 VIII